Obálka Náhled e-knihy:
PDF Epub
Pro půjčování e-knih musíte být přihlášeni.
Jak si půjčit online?

Království /

Mysteriózní thriller vypráví o dvou bratrech, kteří v mládí přišli o rodiče. Zatímco starší Roy zůstal v ospalé rodné vesnici, Carl odcestuje. Za čas se vrací s novou ženou a ambiciózními plány - jenže je začne stíhat temná minulost a podivná úmrtí.

Uloženo v:
Série:Pokrevní pouta, část 1
Hlavní autor: Nesbø, Jo, 1960- (Autor)
Další autoři: Krištůfková, Kateřina, 1974- (Autor)
Médium: E-kniha
Jazyk:Czech
Vydáno: Praha : Kniha Zlin, 2020
Vydání:Vydání první
Edice:Fleet
Témata:
Příbuzné jednotky:Z cyklu:: Pokrevní pouta
Tagy:
Žádné tagy
LEADER 02782nam a2200469 i 4500
001 311261
003 CZ PrSKC
005 20260601215702.0
007 ta
008 201116s2020 xr g 000 f cze
015 |a cnb003264592 
020 |a 9788076620681  |q (vázáno) 
035 |a (OCoLC)1240908532 
040 |a ABG001  |b cze  |d ABA001  |e rda 
041 1 |a cze  |h nor 
072 7 |a 821.11  |x Germánské literatury  |2 Konspekt 
080 |a 821.113.5-31  |2 MRF 
080 |a (0:82-312.4)  |2 MRF 
100 1 |a Nesbø, Jo,  |d 1960-  |7 xx0037547  |4 aut 
240 1 0 |a Kongeriket.  |l Česky  |7 aun20201095066 
245 1 0 |a Království /  |c Jo Nesbø ; z norštiny přeložila Kateřina Krištůfková 
250 |a Vydání první 
264 1 |a Praha :  |b Kniha Zlin,  |c 2020 
300 |a 595 stran ;  |c 21 cm 
336 |a text  |b txt  |2 rdacontent 
337 |a bez média  |b n  |2 rdamedia 
338 |a svazek  |b nc  |2 rdacarrier 
490 1 |a Fleet 
520 2 |a Mysteriózní thriller vypráví o dvou bratrech, kteří v mládí přišli o rodiče. Zatímco starší Roy zůstal v ospalé rodné vesnici, Carl odcestuje. Za čas se vrací s novou ženou a ambiciózními plány - jenže je začne stíhat temná minulost a podivná úmrtí.  |b Roy, vyučený automechanik a provozovatel místní benzínky, žije sám na statku Opgard, který s bratrem zdědil po rodičích. Carl totiž odešel na studia do Ameriky, kde pak zůstal a stal se úspěšným obchodníkem. Po letech se teď vrací s manželkou, architektkou Shannon, do svého rodiště. Přivážejí s sebou nápad postavit v horách luxusní hotel. Plánovaný záměr ale provází řada problémů, které Carl neumí řešit a spoléhá na to, že starší bratr mu jako vždycky pomůže. A Roy, který si vyčítá, že Carla v dětství dostatečně nechránil, je ochotný se pro něj obětovat i za cenu sebezničení. Nakladatelská anotace. 
655 7 |a norské romány  |7 fd132917  |2 czenas 
655 7 |a thrillery (romány)  |7 fd184206  |2 czenas 
655 9 |a Norwegian fiction  |2 eczenas 
655 9 |a thrillers (novels)  |2 eczenas 
700 1 |a Krištůfková, Kateřina,  |d 1974-  |7 js20030929005  |4 trl 
787 0 8 |i Z cyklu:  |t Pokrevní pouta  |g 1 
830 0 |a Fleet 
900 |a ABA001  |b 20 
928 9 |a Albatros Media - Kniha Zlin 
044 |a xr 
910 |a RBIT002 
998 |d 264241  |a https://core.palmknihy.cz/api/books/264241/cover?si7pbj  |b https://core.palmknihy.cz/api/books/264241/cover/400?si7pbj  |c https://core.palmknihy.cz/api/books/264241/cover/50?si7pbj  |e 2030-03-03  |g 480  |i 9788076620681  |j https://core.palmknihy.cz/api/books/264241/preview.epub  |k https://core.palmknihy.cz/api/books/264241/preview.pdf  |l   |q 49  |r 1  |s https://www.palmknihy.cz/kniha/264241  |t ebook  |y 2020  |z 0  |v Pokrevní pouta: Opgardovi  |w 1 
999 |d 311259